000 00575cam a2200205 04500
001 6007
021 _b29578/89
090 _a6007
100 _a20211231d1989 de|y0pory5003 ba
200 1 _aExterminador 17
_fBilal, Dionnet
210 9 _aLisboa
_cMeribérica-Liber
_dD.L. 1989
215 _a62 p.
_ctodo il.
304 _aTít. orig. : Exterminateur 17
606 _91862
_aBanda Desenhada
675 _a087.5
_vBN
_zpor
700 _aBilal
_bEnki
_f1951-
_94405
701 _aDionnet
_bJean-Pierre
_f1947-
_95689
801 0 _aPT
_bBMVN
_gRPC
830 _cInês Silva
_d31/12/2021
990 _cLIVROS